[Event "Acropolis GM Open"]
[Site "?"]
[Date "2005.03.07"]
[Round "2"]
[White "Halkias Stelios"]
[Black "Avrukh Boris"]
[Result "1/2-1/2"]
[WhiteElo "2533"]
[BlackElo "2629"]
[PlyCount "52"]
[EventDate "2005.??.??"]
[Source "www.chesslib.no"]
[SourceDate "2004.05.04"]

1. Nf3 c5 2. c4 Nc6 3. Nc3 Nf6 4. e3 e5 5. a3 d5 6. cxd5 Nxd5 7. Qc2 Nxc3 8. bxc3 g6 9. Bc4 Bg7 10. e4 O-O 11. d3 Qd6 12. Be3 b6 13. Qa2 Na5 14. Bd5 Bb7 15. O-O Bxd5 16. exd5 h6 17. Rae1 f5 18. c4 Rae8 19. Bd2 e4 20. Bxa5 exf3 21. Bd2 fxg2 22. Kxg2 Qf6 23. Rxe8 Rxe8 24. Re1 Rxe1 25. Bxe1 Qe5 26. Qd2 f4 1/2-1/2

[Event "RUS-Cup"]
[Site "Krasnoiarsk"]
[Date "1998.??.??"]
[Round "7"]
[White "Pigusov, Evgeny"]
[Black "Dvoirys, Semen I"]
[Result "1/2-1/2"]
[WhiteElo "2575"]
[BlackElo "2585"]
[PlyCount "74"]
[EventDate "1998.??.??"]
[Source "www.chesslib.no"]
[SourceDate "2004.05.04"]

1. Nf3 c5 2. c4 Nc6 3. Nc3 Nf6 4. g3 g6 5. Bg2 d6 6. d4 cxd4 7. Nxd4 Bd7 8. Nc2 Bg7 9. b3 a6 10. Bd2 Rb8 11. a4 Qc8 12. h3 O-O 13. Rc1 e6 14. O-O d5 15. cxd5 exd5 16. Bf4 Ra8 17. h4 Bh3 18. Nxd5 Bxg2 19. Kxg2 Rd8 20. e4 Nxe4 21. Qf3 Rxd5 22. Qxe4 Qd7 23. Ne3 Rd4 24. Rfd1 Re8 25. Qf3 Rd8 26. Rxd4 Nxd4 27. Qe4 f5 28. Qd3 Rc8 29. Rxc8+ Qxc8 30. Nc4 Qc6+ 31. f3 b5 32. axb5 Qxb5 33. g4 fxg4 34. fxg4 Qxb3 35. Qxb3 Nxb3 36. h5 a5 37. hxg6 hxg6 1/2-1/2

[Event "Haifa"]
[Site "Haifa"]
[Date "1993.??.??"]
[Round "?"]
[White "Greenfeld, Alon"]
[Black "Alterman, Boris"]
[Result "0-1"]
[WhiteElo "2560"]
[BlackElo "2600"]
[PlyCount "84"]
[EventDate "1993.??.??"]
[Source "www.chesslib.no"]
[SourceDate "2004.05.04"]

1. Nf3 c5 2. c4 Nc6 3. Nc3 Nf6 4. g3 d5 5. d4 cxd4 6. Nxd4 dxc4 7. Nxc6 Qxd1+ 8. Nxd1 bxc6 9. Bg2 Nd5 10. Ne3 e6 11. Nxc4 Ba6 12. b3 Bb4+ 13. Bd2 Bxc4 14. bxc4 Bxd2+ 15. Kxd2 Ne7 16. Rab1 O-O-O+ 17. Kc3 Kc7 18. Rb3 Rb8 19. Ra3 Rb7 20. Rd1 Ra8 21. Rd4 a5 22. g4 Ng6 23. g5 e5 24. Re4 Rb1 25. h4 f5 26. gxf6 gxf6 27. Kc2 Rg1 28. Bh3 Nf4 29. Bf5 Rd8 30. Rg3 Rgd1 31. Rg7+ Kb6 32. Rxf4 R1d2+ 33. Kc3 exf4 34. Bd3 Rxa2 35. f3 Kc5 36. Rxh7 Ra3+ 37. Kc2 Kd4 38. Re7 f5 39. h5 Ra2+ 40. Kb3 Rd2 41. Bxf5 Rb8+ 42. Ka3 Kc3 0-1

[Event "Bundesliga 98/99"]
[Site "Porz GER"]
[Date "1998.10.18"]
[Round "2"]
[White "Van der Sterren, P."]
[Black "Lerner, K."]
[Result "1/2-1/2"]
[WhiteElo "2575"]
[BlackElo "2580"]
[PlyCount "37"]
[EventDate "1998.??.??"]
[Source "www.chesslib.no"]
[SourceDate "2004.05.04"]

1. Nf3 c5 2. c4 Nc6 3. Nc3 Nf6 4. g3 g6 5. Bg2 d6 6. d4 cxd4 7. Nxd4 Bd7 8. O-O Bg7 9. b3 h5 10. Bb2 h4 11. Nxc6 Bxc6 12. Nd5 hxg3 13. hxg3 Bxd5 14. cxd5 Rc8 15. Qd2 Qd7 16. Rac1 O-O 17. Bxf6 Bxf6 18. Rxc8 Rxc8 19. Rc1 1/2-1/2

[Event "I Open internazionale"]
[Site "Gurgon IND"]
[Date "2009.01.28"]
[Round "9"]
[White "R R, Laxman"]
[Black "Alexander, Areshchenko"]
[Result "1/2-1/2"]
[WhiteElo "2478"]
[BlackElo "2673"]
[PlyCount "42"]
[EventDate "2009.01.21"]
[Source "www.chesslib.no"]
[SourceDate "2004.05.04"]

1. Nf3 c5 2. c4 Nc6 3. Nc3 Nf6 4. e3 e5 5. d4 cxd4 6. exd4 e4 7. Ne5 Bd6 8. Ng4 Nxg4 9. Qxg4 O-O 10. Bh6 Qf6 11. Be3 Bb4 12. Qxe4 d5 13. Qxd5 Bf5 14. Be2 Rad8 15. Qf3 Nxd4 16. Bxd4 Rxd4 17. O-O Qe5 18. Rfe1 Rh4 19. Qg3 Qxg3 20. hxg3 Rd4 21. Red1 Bxc3 1/2-1/2

[Event "Elbow Beach Club GM-A"]
[Site "Paget Parish"]
[Date "2001.01.25"]
[Round "6"]
[White "Stefansson, Hannes"]
[Black "Macieja, Bartlomiej"]
[Result "1/2-1/2"]
[WhiteElo "2570"]
[BlackElo "2578"]
[PlyCount "37"]
[EventDate "2001.01.20"]
[Source "ChessBase"]
[SourceDate "2001.03.20"]

1. c4 c5 2. Nf3 Nc6 3. Nc3 Nf6 4. g3 d5 5. d4 e6 6. cxd5 Nxd5 7. Bg2 Ndb4 8. e3 cxd4 9. exd4 Nxd4 10. O-O Nxf3+ 11. Qxf3 Be7 12. Rd1 Qa5 13. Bf4 O-O 14. Qe2 Nc6 15. a3 Qf5 16. Be4 Qh3 17. Bg2 Qf5 18. Be4 Qh3 19. Bg2 1/2-1/2

[Event "Raipur IND"]
[Site "?"]
[Date "2002.03.15"]
[Round "11"]
[White "Sasikiran Krishnan"]
[Black "Kotsur Pavel"]
[Result "1-0"]
[WhiteElo "2569"]
[BlackElo "2578"]
[PlyCount "89"]
[EventDate "2002.??.??"]
[Source "www.chesslib.no"]
[SourceDate "2004.05.04"]

1. Nf3 c5 2. c4 Nc6 3. Nc3 Nf6 4. g3 d5 5. d4 e6 6. cxd5 Nxd5 7. Bg2 Nf6 8. e3 Be7 9. O-O O-O 10. dxc5 Bxc5 11. a3 a5 12. Qc2 Qe7 13. b3 h6 14. Bb2 Bd7 15. Rfc1 Ba7 16. Nb5 Bb6 17. Nd2 Rac8 18. Nc4 Bc5 19. Qd2 b6 20. Bxf6 gxf6 21. Nbd6 Rb8 22. Ne4 Rfd8 23. Nxc5 bxc5 24. Nxa5 Be8 25. Nxc6 Bxc6 26. Qc3 Bxg2 27. Kxg2 Qb7+ 28. Kg1 Qf3 29. b4 h5 30. h4 cxb4 31. axb4 Rd7 32. Rab1 Rbd8 33. b5 Rd2 34. Rf1 R8d3 35. Qb4 Kg7 36. b6 Qb7 37. Qc5 e5 38. Qc7 Qf3 39. Qc1 Qb7 40. Rb2 Rxb2 41. Qxb2 Rd6 42. Rb1 Re6 43. Qb5 Rd6 44. Qb4 Re6 45. e4 1-0

[Event "Ordzhonikidze (zt)"]
[Site "?"]
[Date "2000.??.??"]
[Round "?"]
[White "Lerner, K."]
[Black "Baklan, V."]
[Result "1/2-1/2"]
[WhiteElo "2575"]
[BlackElo "2570"]
[PlyCount "40"]
[EventDate "2000.??.??"]
[Source "Chess Informant"]
[SourceDate "2000.06.01"]

1. Nf3 c5 2. c4 Nf6 3. Nc3 Nc6 4. g3 g6 5. d4 cxd4 6. Nxd4 d6 7. Bg2 Bd7 8. e4 Bg7 9. Nxc6 bxc6 10. c5 dxc5 11. O-O Be6 12. e5 Nd5 13. Na4 Bxe5 14. Nxc5 Bf5 15. Bh6 Qd6 16. Rc1 g5 17. Bxg5 Rg8 18. Qa4 Rxg5 19. Nb7 Qd7 20. Nc5 Qd6 1/2-1/2

[Event "Russie (championnat equipes)"]
[Site "?"]
[Date "2004.04.??"]
[Round "4"]
[White "Khismatullin Denis"]
[Black "Alekseev Evgeny"]
[Result "1-0"]
[WhiteElo "2534"]
[BlackElo "2609"]
[PlyCount "71"]
[EventDate "2004.??.??"]
[Source "www.chesslib.no"]
[SourceDate "2004.05.04"]

1. c4 c5 2. Nf3 Nf6 3. Nc3 Nc6 4. e3 e5 5. d4 cxd4 6. exd4 e4 7. Nd2 Bb4 8. a3 Bxc3 9. bxc3 d6 10. Be2 O-O 11. O-O Re8 12. Re1 h6 13. Nf1 Ne7 14. Bf4 Nh7 15. f3 Ng6 16. Bg3 Nf6 17. Ne3 Nh5 18. Bf2 Nhf4 19. Bf1 Qg5 20. Kh1 Bd7 21. g3 Nh3 22. Bxh3 Bxh3 23. f4 Qa5 24. f5 Bxf5 25. Qh5 Qxc3 26. Nxf5 Rad8 27. Rac1 Qxa3 28. Be3 Re6 29. Rf1 Rf6 30. Rce1 Qc3 31. g4 Nf8 32. Qh4 Nh7 33. Ne7+ Kf8 34. Nd5 Qxc4 35. Nxf6 Nxf6 36. Bxh6 1-0

[Event "Bundesliga 9899"]
[Site "Germany"]
[Date "1999.04.18"]
[Round "15.2"]
[White "Van der Sterren, Paul"]
[Black "Ribli, Zoltan"]
[Result "1/2-1/2"]
[WhiteElo "2559"]
[BlackElo "2582"]
[PlyCount "39"]
[EventDate "1998.10.17"]
[Source "ChessBase"]
[SourceDate "1999.07.01"]

1. Nf3 Nf6 2. c4 c5 3. Nc3 Nc6 4. g3 g6 5. d4 Bg7 6. d5 Na5 7. Nd2 O-O 8. a3 d6 9. b4 Ng4 10. bxa5 Bxc3 11. Rb1 Qxa5 12. e3 Ne5 13. Be2 Bh3 14. f3 Bxd2+ 15. Bxd2 Qxa3 16. Kf2 Nd3+ 17. Kg1 Nb4 18. Kf2 Nd3+ 19. Kg1 Nb4 20. Kf2 1/2-1/2

[Event "Helsinki op"]
[Site "Helsinki"]
[Date "1992.??.??"]
[Round "2"]
[White "Lerner, Konstantin Z"]
[Black "Gulko, Boris F"]
[Result "1/2-1/2"]
[WhiteElo "2530"]
[BlackElo "2610"]
[PlyCount "58"]
[EventDate "1992.09.??"]
[Source "ChessBase"]

1. Nf3 c5 2. c4 Nc6 3. Nc3 Nf6 4. g3 g6 5. d4 cxd4 6. Nxd4 d6 7. Bg2 Bd7 8. O-O Bg7 9. b3 O-O 10. Bb2 Qa5 11. e3 Rab8 12. Qe2 Rfc8 13. Rfd1 a6 14. a3 Qb6 15. Na4 Qc7 16. Nxc6 Bxc6 17. Nc3 Bxg2 18. Kxg2 Qb6 19. Rd3 Kf8 20. Nd5 Nxd5 21. cxd5 Rc5 22. Bxg7+ Kxg7 23. Qb2+ Kg8 24. Rc1 Rbc8 25. Rdc3 Qb5 26. Rxc5 Rxc5 27. a4 Qb4 28. Rxc5 Qxc5 29. Qd4 Qxd4 1/2-1/2

[Event "Skolernes Skakklub"]
[Site "Aarhus"]
[Date "1997.06.22"]
[Round "3"]
[White "Nielsen, Peter Heine"]
[Black "Hansen, Curt"]
[Result "1-0"]
[WhiteElo "2525"]
[BlackElo "2605"]
[PlyCount "87"]
[EventDate "1997.06.20"]
[Source "ChessBase"]
[SourceDate "1997.10.13"]

1. Nf3 c5 2. c4 Nc6 3. Nc3 Nf6 4. g3 g6 5. d4 cxd4 6. Nxd4 d6 7. Bg2 Bd7 8. e4 Bg7 9. Nxc6 Bxc6 10. Be3 O-O 11. O-O Nd7 12. Rc1 a5 13. Qe2 Nc5 14. Rfd1 Qb8 15. Nd5 Bxd5 16. cxd5 b6 17. Rc2 Re8 18. b3 Ra7 19. Qb5 h5 20. a3 e6 21. b4 axb4 22. axb4 Na4 23. dxe6 Nc3 24. Qxb6 Nxd1 25. Qxb8 Rxb8 26. Bxa7 Rb7 27. Rc8+ Kh7 28. exf7 Rxa7 29. f8=Q Bxf8 30. Rxf8 Ra1 31. Bf1 Nc3 32. f3 Nd1 33. Bh3 d5 34. exd5 Ne3+ 35. Kf2 Nxd5 36. b5 Ra2+ 37. Ke1 Rxh2 38. Be6 Nc3 39. b6 Rb2 40. Rf7+ Kh6 41. b7 Rb6 42. Kd2 Nb5 43. Rd7 Nd6 44. b8=Q 1-0

[Event "Bacolod"]
[Site "Bacolod"]
[Date "1991.??.??"]
[Round "2"]
[White "Ftacnik, Lubomir"]
[Black "Wojtkiewicz, Aleksander"]
[Result "1/2-1/2"]
[WhiteElo "2590"]
[BlackElo "2540"]
[PlyCount "63"]
[EventDate "1991.06.??"]
[Source "www.chesslib.no"]
[SourceDate "2004.05.04"]

1. c4 c5 2. Nf3 Nc6 3. Nc3 Nf6 4. g3 d5 5. d4 cxd4 6. Nxd4 dxc4 7. Nxc6 Qxd1+ 8. Nxd1 bxc6 9. Bg2 Nd5 10. Ne3 Ba6 11. Nxd5 cxd5 12. Bxd5 Rc8 13. Bd2 e6 14. Bf3 Be7 15. Bc3 Bf6 16. Bxf6 gxf6 17. O-O-O Ke7 18. Rd4 Bb5 19. Kc2 Rcd8 20. Rxd8 Rxd8 21. Kc3 f5 22. a4 Ba6 23. Bc6 Rb8 24. Ra1 Rb3+ 25. Kc2 Bb7 26. Bxb7 Rxb7 27. Rd1 Rb4 28. a5 Ra4 29. Rd4 Rxa5 30. Rxc4 Ra1 31. Rc7+ Kf6 32. Kd2 1/2-1/2

[Event "Camp. azerbagiano 2009"]
[Site "Baku AZE"]
[Date "2009.01.21"]
[Round "8"]
[White "Abbasov, Farid"]
[Black "Mirzoev, Azer"]
[Result "1-0"]
[WhiteElo "2565"]
[BlackElo "2564"]
[PlyCount "131"]
[EventDate "2009.01.13"]
[Source "www.chesslib.no"]
[SourceDate "2004.05.04"]

1. c4 c5 2. Nc3 Nf6 3. Nf3 Nc6 4. e3 g6 5. d4 Bg7 6. d5 Na5 7. e4 d6 8. h3 O-O 9. Be2 e5 10. g4 Ne8 11. Be3 b6 12. Rg1 Nb7 13. h4 Qe7 14. h5 gxh5 15. gxh5 Kh8 16. h6 Bf6 17. Qd2 Bd7 18. O-O-O Nc7 19. Ng5 Rg8 20. f4 Raf8 21. fxe5 Bxe5 22. Nf3 Rxg1 23. Rxg1 Rg8 24. Rf1 f6 25. Nh4 a6 26. Nf5 Bxf5 27. Rxf5 Rg2 28. Nd1 b5 29. Qe1 bxc4 30. Qf1 Rg6 31. Bxc4 a5 32. Bd2 Bd4 33. Rf3 Ne8 34. Qh3 Rg8 35. Qf5 a4 36. Ra3 Nd8 37. Rxa4 Nf7 38. Ra8 Ng5 39. Bd3 Be5 40. Bb5 Nc7 41. Rxg8+ Kxg8 42. Qc8+ Kf7 43. Bd7 Ne8 44. Bf5 Qa7 45. Bg4 Qe7 46. Bh5+ Kf8 47. Qf5 Nxe4 48. Be3 Bd4 49. Bf4 c4 50. Bxe8 Kxe8 51. Qc8+ Kf7 52. Qxc4 Ba7 53. Qe2 f5 54. Qh5+ Kf6 55. Qh4+ Kf7 56. Qxe7+ Kxe7 57. Kc2 Kf6 58. Nc3 Kg6 59. Nxe4 fxe4 60. b4 Kf5 61. Bxd6 Kg4 62. Bc5 Bb8 63. d6 Kf3 64. d7 Bc7 65. a4 e3 66. Bxe3 1-0

[Event "Lubniewice POL"]
[Site "?"]
[Date "2005.09.11"]
[Round "9"]
[White "Cyborowski Lukasz"]
[Black "Wojtaszek Radoslaw"]
[Result "1-0"]
[WhiteElo "2537"]
[BlackElo "2591"]
[PlyCount "73"]
[EventDate "2005.??.??"]
[Source "www.chesslib.no"]
[SourceDate "2004.05.04"]

1. Nf3 Nf6 2. c4 c5 3. Nc3 Nc6 4. g3 d5 5. d4 cxd4 6. Nxd4 dxc4 7. Nxc6 Qxd1+ 8. Nxd1 bxc6 9. Bg2 Nd5 10. Ne3 Ba6 11. Nxd5 cxd5 12. Bxd5 Rc8 13. Bd2 e6 14. Bf3 Bc5 15. Bc3 f6 16. O-O-O Ke7 17. Bd4 Bb6 18. Bxb6 axb6 19. Kc2 Rc5 20. Kc3 Rhc8 21. Rd4 Rd8 22. Rhd1 Rxd4 23. Rxd4 g6 24. h4 f5 25. Bg2 Rc8 26. f4 Rc5 27. Bf3 h6 28. a4 Rc8 29. e4 g5 30. hxg5 hxg5 31. exf5 exf5 32. Bd5 g4 33. Bxc4 Bb7 34. Kb4 Bc6 35. Bd3 Ke6 36. Rc4 Rc7 37. Rc3 1-0

[Event "Elenite"]
[Site "?"]
[Date "1995.??.??"]
[Round "?"]
[White "Gulko, B."]
[Black "Kolev, At"]
[Result "1-0"]
[WhiteElo "2620"]
[BlackElo "2500"]
[PlyCount "69"]
[EventDate "1995.??.??"]
[Source "ChessBase"]
[SourceDate "1995.10.01"]

1. c4 c5 2. Nf3 Nc6 3. Nc3 Nf6 4. g3 g6 5. d4 cxd4 6. Nxd4 d6 7. Bg2 Bd7 8. O-O Bg7 9. Nc2 O-O 10. Bd2 a6 11. Rc1 Rb8 12. a4 Be8 13. b3 Nd7 14. Rb1 Nc5 15. b4 Nd7 16. a5 f5 17. e4 Nde5 18. Ne3 f4 19. gxf4 Nd3 20. Ned5 e6 21. Qe2 exd5 22. Qxd3 dxe4 23. Nxe4 Nd4 24. Rfe1 h6 25. Bc3 Nf5 26. Bxg7 Kxg7 27. Rbd1 Bc6 28. Nxd6 Nxd6 29. Qxd6 Qxd6 30. Rxd6 Rxf4 31. Re7+ Kf8 32. Rh7 Bxg2 33. Kxg2 Kg8 34. Rdd7 Rxc4 35. Rdg7+ 1-0

[Event "Corr"]
[Site "?"]
[Date "1998.02.01"]
[Round "?"]
[White "Hansen Mads Smith (DEN)"]
[Black "Veinger Itzhak"]
[Result "1-0"]
[WhiteElo "2510"]
[BlackElo "2605"]
[PlyCount "43"]
[EventDate "1998.??.??"]
[Source "www.chesslib.no"]
[SourceDate "2004.05.04"]

1. Nf3 c5 2. c4 Nf6 3. Nc3 Nc6 4. g3 g6 5. Bg2 d5 6. d4 dxc4 7. d5 Na5 8. O-O Bg7 9. h3 b6 10. e4 Bb7 11. Bf4 O-O 12. Qc2 a6 13. Rad1 Ne8 14. Qc1 b5 15. Rfe1 Qb6 16. Bh6 Rd8 17. Nh2 b4 18. Ne2 f6 19. Bxg7 Nxg7 20. Ng4 Bc8 21. Nh6+ Kh8 22. f4 1-0

[Event "Salona, Solin/Split CRO"]
[Site "?"]
[Date "2000.??.??"]
[Round "6"]
[White "Hauchard, A."]
[Black "Tukmakov, V."]
[Result "0-1"]
[WhiteElo "2535"]
[BlackElo "2580"]
[PlyCount "72"]
[EventDate "2000.??.??"]
[Source "www.chesslib.no"]
[SourceDate "2004.05.04"]

1. Nf3 c5 2. c4 Nf6 3. Nc3 Nc6 4. e3 e5 5. a3 d5 6. cxd5 Nxd5 7. Bb5 Nxc3 8. bxc3 Bd6 9. O-O O-O 10. d4 cxd4 11. cxd4 exd4 12. Bxc6 bxc6 13. Qxd4 c5 14. Qc3 Re8 15. Bb2 Bf8 16. Rfd1 Qb6 17. a4 Rb8 18. Ba3 Bb7 19. Ne1 Qc6 20. Qa5 Re4 21. Rd8 Rxa4 22. Qxa4 Rxd8 23. Qxc6 Bxc6 24. Nf3 Bb5 25. h4 f6 26. Rc1 Rc8 27. Nd2 Bd3 28. Rc3 c4 29. Bxf8 Kxf8 30. f3 Ke7 31. Kf2 Kd6 32. e4 Kc5 33. Ra3 Rc7 34. Ke3 Kb4 35. Ra6 Rd7 36. Rc6 c3 0-1

[Event "MK Cafe Cup-A"]
[Site "Koszalin"]
[Date "1998.08.04"]
[Round "2"]
[White "Ehlvest, Jaan"]
[Black "Berelovich, Aleksandar"]
[Result "1/2-1/2"]
[WhiteElo "2620"]
[BlackElo "2495"]
[PlyCount "136"]
[EventDate "1998.08.03"]
[Source "ChessBase"]
[SourceDate "1998.09.09"]

1. Nf3 Nf6 2. c4 c5 3. Nc3 Nc6 4. g3 d5 5. d4 cxd4 6. Nxd4 dxc4 7. Nxc6 Qxd1+ 8. Nxd1 bxc6 9. Bg2 Nd5 10. Ne3 e6 11. Nxc4 Ba6 12. b3 Bb4+ 13. Bd2 Bxd2+ 14. Nxd2 Nb4 15. Be4 Ke7 16. a3 Nd5 17. Rc1 c5 18. h4 Rac8 19. h5 h6 20. Rh4 Bb5 21. Bf3 Rhd8 22. Nc4 Rc7 23. Na5 Rdc8 24. e3 Nb6 25. Be2 Bxe2 26. Kxe2 f5 27. Rf4 Kf6 28. g4 Ke5 29. gxf5 exf5 30. Rg1 Re8 31. Rh4 Re6 32. Rc1 Kf6 33. Rg1 Ke5 34. Kf3 Rd6 35. Rh2 Rf6 36. Rhg2 f4 37. Rxg7 fxe3+ 38. Kxe3 Rxg7 39. Rxg7 Nd5+ 40. Kd3 Rxf2 41. Rxa7 Rf4 42. Nc4+ Kf5 43. Ra5 Rf3+ 44. Kc2 Rh3 45. Rxc5 Ke4 46. Nd6+ Kd4 47. b4 Rxh5 48. Kb3 Rh3+ 49. Ka4 Rh5 50. Ka5 Rg5 51. Nb5+ Kd3 52. a4 Ke3 53. Nd6 Kd4 54. Rc4+ Kd3 55. b5 Rg6 56. Rc6 h5 57. b6 Nxb6 58. Rxb6 h4 59. Rb3+ Kc2 60. Rh3 Rxd6 61. Rxh4 Kb3 62. Kb5 Rd5+ 63. Kb6 Rd6+ 64. Kc5 Rg6 65. a5 Rg5+ 66. Kb6 Rg6+ 67. Kb7 Rg7+ 68. Kc6 Rg6+ 1/2-1/2

[Event "Russie (championnat equipes)"]
[Site "?"]
[Date "2004.04.??"]
[Round "4"]
[White "Popov Valerij"]
[Black "Makarov Marat"]
[Result "1/2-1/2"]
[WhiteElo "2580"]
[BlackElo "2530"]
[PlyCount "59"]
[EventDate "2004.??.??"]
[Source "www.chesslib.no"]
[SourceDate "2004.05.04"]

1. c4 c5 2. Nf3 Nf6 3. Nc3 Nc6 4. g3 d5 5. d4 e6 6. cxd5 Nxd5 7. Bg2 Ndb4 8. e3 cxd4 9. exd4 Nxd4 10. O-O Nxf3+ 11. Qxf3 Be7 12. Rd1 Qa5 13. a3 O-O 14. Bf4 Nc6 15. b4 Qf5 16. b5 Ne5 17. Qe4 Qxe4 18. Bxe4 Nc4 19. Rd4 e5 20. Rxc4 exf4 21. Nd5 Bd6 22. Nxf4 Rb8 23. Rd1 Bxa3 24. Ra1 Bd6 25. Rxa7 Re8 26. b6 Bxf4 27. gxf4 Bh3 28. f3 Re6 29. Rxb7 Rxb6 30. Rxb6 1/2-1/2

[Event "HUN-ch"]
[Site "Lillafured"]
[Date "1999.02.09"]
[Round "9"]
[White "Pinter, Jozsef"]
[Black "Sax, Gyula"]
[Result "1/2-1/2"]
[WhiteElo "2581"]
[BlackElo "2524"]
[PlyCount "28"]
[EventDate "1999.02.01"]
[Source "ChessBase"]
[SourceDate "1999.06.08"]

1. Nf3 Nf6 2. c4 c5 3. Nc3 Nc6 4. g3 d5 5. d4 e6 6. cxd5 Nxd5 7. Bg2 Nxc3 8. bxc3 cxd4 9. Nxd4 Nxd4 10. Qxd4 Qxd4 11. cxd4 Bb4+ 12. Bd2 Bxd2+ 13. Kxd2 Kd8 14. Rhc1 Re8 1/2-1/2

[Event "open"]
[Site "Bad Woerishofen"]
[Date "2004.??.??"]
[Round "5"]
[White "Eingorn, Vereslav S"]
[Black "Palo, Davor"]
[Result "1-0"]
[WhiteElo "2600"]
[BlackElo "2505"]
[PlyCount "97"]
[EventDate "2004.03.19"]
[Source "Roberto Alvarez"]
[SourceDate "2004.03.29"]

1. c4 Nf6 2. Nc3 c5 3. Nf3 Nc6 4. g3 b6 5. Bg2 Bb7 6. O-O Nd4 7. Nxd4 Bxg2 8. Ne6 fxe6 9. Kxg2 e5 10. d3 e6 11. Bg5 Be7 12. Rb1 O-O 13. a3 Ne8 14. Bxe7 Qxe7 15. b4 Nf6 16. Qb3 Rfc8 17. f3 Qd6 18. Rfd1 h6 19. Ne4 Qe7 20. Nxf6+ Qxf6 21. Qa4 Qe7 22. bxc5 Rxc5 23. Rxb6 d5 24. Rb5 Rxb5 25. Qxb5 Rd8 26. Qc6 Kh7 27. a4 Qb4 28. Qxe6 Qxa4 29. Rc1 Qa3 30. Rf1 Qb2 31. Rf2 dxc4 32. Qxc4 a5 33. Qc7 Ra8 34. Qc6 Rd8 35. Qc7 Ra8 36. Qc6 Rd8 37. Qa4 Qc3 38. Qe4+ Kh8 39. f4 exf4 40. Rxf4 Qd2 41. Qe5 Qc2 42. Rc4 Qd1 43. Rc7 Rg8 44. g4 Qe1 45. Re7 a4 46. g5 Qh4 47. gxh6 Qxh6 48. Re6 Qh4 49. Rg6 1-0

[Event "Odorheiu Secuiesc"]
[Site "Odorheiu Secuiesc"]
[Date "1993.??.??"]
[Round "3"]
[White "Horvath, Jozsef"]
[Black "Sax, Gyula"]
[Result "1/2-1/2"]
[WhiteElo "2535"]
[BlackElo "2570"]
[PlyCount "24"]
[EventDate "1993.05.??"]
[Source "ChessBase"]

1. Nf3 Nf6 2. c4 c5 3. Nc3 Nc6 4. g3 d5 5. d4 Bf5 6. Bg2 dxc4 7. Qa4 cxd4 8. Nxd4 Qxd4 9. Bxc6+ Bd7 10. Bxd7+ Qxd7 11. Qxc4 Rc8 12. Qb3 e6 1/2-1/2

[Event "13th Open"]
[Site "Pula CRO"]
[Date "1999.06.06"]
[Round "8"]
[White "Tukmakov, V."]
[Black "Sax, G."]
[Result "1/2-1/2"]
[WhiteElo "2581"]
[BlackElo "2524"]
[PlyCount "92"]
[EventDate "1999.??.??"]
[Source "www.chesslib.no"]
[SourceDate "2004.05.04"]

1. Nf3 Nf6 2. c4 c5 3. Nc3 Nc6 4. g3 d5 5. d4 e6 6. cxd5 Nxd5 7. Bg2 cxd4 8. Nxd4 Nxc3 9. bxc3 Nxd4 10. Qxd4 Qxd4 11. cxd4 Bb4+ 12. Bd2 Bxd2+ 13. Kxd2 Kd8 14. Rab1 Rb8 15. Rb3 b6 16. Ra3 Bb7 17. e4 Ra8 18. g4 h6 19. h4 Ke7 20. Rc1 Rhd8 21. Ke3 Rd7 22. Bf1 Rc8 23. Rxc8 Bxc8 24. Rc3 Kd8 25. f4 Bb7 26. f5 Re7 27. Bd3 Bc8 28. Kf4 f6 29. e5 Rc7 30. Rxc7 Kxc7 31. Bc4 exf5 32. gxf5 fxe5+ 33. Kxe5 Bd7 34. d5 b5 35. d6+ Kc6 36. Bd5+ Kc5 37. Be6 Kc6 38. Bd5+ Kc5 39. Be6 Kc6 40. Bxd7+ Kxd7 41. Kd5 h5 42. Kc5 b4 43. Kd5 a6 44. Kc5 a5 45. Kb5 Kxd6 46. Kxa5 Kc5 1/2-1/2

[Event "CCCA"]
[Site "?"]
[Date "1996.07.15"]
[Round "?"]
[White "Kurtz Murray (CAN)"]
[Black "Nimtz Dr.Manfred (GER)"]
[Result "1/2-1/2"]
[WhiteElo "2500"]
[BlackElo "2600"]
[PlyCount "85"]
[EventDate "1996.??.??"]
[Source "www.chesslib.no"]
[SourceDate "2004.05.04"]

1. c4 c5 2. Nc3 Nc6 3. Nf3 Nf6 4. e4 e5 5. g3 g6 6. Bg2 Bg7 7. O-O O-O 8. d3 d6 9. Ne1 a6 10. Nc2 Rb8 11. a4 Ne8 12. Rb1 a5 13. Ne3 Nd4 14. Ned5 Nc7 15. Be3 Nxd5 16. Nxd5 f5 17. Qd2 fxe4 18. Bxd4 cxd4 19. Bxe4 Bh3 20. Bg2 Bf5 21. b4 axb4 22. Rxb4 Rf7 23. Rfb1 Kh8 24. Rb6 Ra8 25. a5 Ra7 26. Be4 Bxe4 27. dxe4 Qf8 28. R1b3 Bh6 29. Qb2 Rxa5 30. Rxb7 Rxb7 31. Rxb7 Ra8 32. Qb3 d3 33. Qxd3 Ra2 34. Qf1 Qf3 35. Rb8+ Kg7 36. h4 Rc2 37. Qg2 Qe2 38. Rb7+ Kf8 39. Rb1 Kg7 40. Ra1 Bd2 41. Ra7+ Kf8 42. Ra8+ Kg7 43. Ra7+ 1/2-1/2

[Event "Muenster op"]
[Site "Muenster"]
[Date "1996.??.??"]
[Round "6"]
[White "Eingorn, Vereslav S"]
[Black "Farago, Ivan"]
[Result "1/2-1/2"]
[WhiteElo "2585"]
[BlackElo "2515"]
[PlyCount "96"]
[EventDate "1996.10.04"]
[Source "ChessBase"]

1. Nf3 Nf6 2. c4 c5 3. Nc3 Nc6 4. g3 d5 5. d4 e6 6. cxd5 Nxd5 7. Bg2 cxd4 8. Nxd4 Nxc3 9. bxc3 Nxd4 10. Qxd4 Qxd4 11. cxd4 Bd6 12. O-O Rb8 13. Bd2 Bd7 14. Rfc1 Ke7 15. e4 Rhc8 16. e5 Ba3 17. Rxc8 Bxc8 18. Rb1 b5 19. Bc1 Bxc1 20. Rxc1 Bd7 21. Rc7 Rc8 22. Rxa7 Rc1+ 23. Bf1 Ke8 24. f4 Rd1 25. Kf2 Rxd4 26. Ke3 Rd1 27. Bd3 Rh1 28. Bxh7 Rxh2 29. Be4 Rh3 30. Kf3 Rh2 31. g4 Rh3+ 32. Kf2 g6 33. Bf3 Rh2+ 34. Kg3 Rc2 35. Be4 Rc3+ 36. Kf2 Rh3 37. g5 Rc3 38. Ke2 Rh3 39. a3 Rg3 40. Kd2 Rb3 41. Ke2 Rg3 42. Bd3 Rh3 43. Rc7 Kd8 44. Rc1 Rh2+ 45. Ke3 Ra2 46. Rc3 Rb2 47. Kd4 b4 48. axb4 Rxb4+ 1/2-1/2

[Event "Paris FRA"]
[Site "?"]
[Date "1999.03.14"]
[Round "?"]
[White "Kramnik Vladimir"]
[Black "Karr Jean Philippe"]
[Result "1/2-1/2"]
[WhiteElo "2751"]
[BlackElo "2347"]
[PlyCount "46"]
[EventDate "1999.??.??"]
[Source "www.chesslib.no"]
[SourceDate "2004.05.04"]

1. Nf3 c5 2. c4 Nf6 3. Nc3 Nc6 4. g3 d5 5. d4 cxd4 6. Nxd4 dxc4 7. Nxc6 Qxd1+ 8. Nxd1 bxc6 9. Ne3 e6 10. Bg2 Nd5 11. Nxc4 Ba6 12. b3 Bb4+ 13. Bd2 Ke7 14. Rc1 Rac8 15. Bxb4+ Nxb4 16. a3 Nd5 17. Na5 c5 18. O-O Rhd8 19. Bf3 Ke8 20. Rc2 Rc7 21. Rfc1 Rdc8 22. e4 Nb6 23. Rc3 Ke7 1/2-1/2

[Event "Politiken Cup"]
[Site "Copenhagen"]
[Date "1996.??.??"]
[Round "8"]
[White "Hansen, Curt"]
[Black "Liss, Eran"]
[Result "1/2-1/2"]
[WhiteElo "2615"]
[BlackElo "2480"]
[PlyCount "53"]
[EventDate "1996.06.??"]
[Source "ChessBase"]

1. c4 c5 2. Nf3 Nc6 3. Nc3 Nf6 4. e3 e5 5. d4 cxd4 6. exd4 e4 7. Ng5 Bb4 8. d5 Ne5 9. Qd4 Qe7 10. d6 Nc6 11. Qe3 Qe5 12. Bd2 O-O 13. O-O-O Bc5 14. Qg3 Qxg3 15. hxg3 Re8 16. Nb5 Rb8 17. Nc7 e3 18. fxe3 Re5 19. Nf3 Rh5 20. Bd3 Rxh1 21. Rxh1 h6 22. Nd5 Ng4 23. Bf5 Nge5 24. Nxe5 Nxe5 25. Bc3 Nxc4 26. Bd3 b5 27. Bxc4 1/2-1/2